Too Good at Goodbyes - Sam Smith (All Lyrics) - Statistics

General Stats
  • This quiz has been taken 573 times
  • The average score is 344 of 402
Answer Stats
Too Good at Goodbyes % Correct
I
100%
to
100%
a
99%
go
99%
i'm
99%
Pre-Chorus I'm
99%
Verse 1 You
97%
you
97%
too
96%
good
95%
at
94%
the
94%
goodbyes
93%
me
93%
that
92%
But
90%
but
90%
and
89%
And
89%
way
89%
cry
88%
every
88%
it
88%
time
88%
think
87%
leave
86%
hurt
85%
never
85%
Even
84%
In
84%
in
84%
close
83%
gonna
83%
this
83%
fool
82%
less
82%
love
82%
must
82%
Cause
81%
it's
81%
mean
81%
most
81%
tears
81%
we
81%
dry
80%
don't
79%
let
79%
quicker
79%
stupid
79%
when
79%
see
78%
Baby
77%
true
77%
chance
76%
have
76%
sad
76%
So
76%
get
75%
these
75%
up
75%
stand
73%
hurts
72%
open
71%
before
70%
new
69%
though
67%
all
66%
seen
66%
No
65%
no
65%
case
64%
dirt
62%
my
62%
just
61%
walk
60%
out
59%
know
54%
you're
50%
protectin'
49%
you'll
47%
innocence
45%
soul
45%
heartless
43%
cold
38%
thinkin'
37%
No matching quizzes found
Score Distribution
Percent of People with Each Score
Percentile by Number Answered
Your Score History
You have not taken this quiz